000 00720nam a22002537a 4500
999 _c424584
_d424584
001 44521
003 UA-OsUOA
005 20191217114117.0
007 ta
008 20101105b un ||||| |||| 00| 0 ukr d
040 _aUA-OsUOA
_bukr
_cUA-OsUOA
_dUA-OsUOA
041 _aukr
080 _a82-31
090 _a82-31
_bК64
100 _aКониський О.
245 _aВибрані твори
260 _aК.
_bДніпро
_c1986
300 _a425 с.
650 7 _a82 Література. Літературознавство
_2UDC
942 _cBK
_2udc
955 _a3